000 00487cam a2200145 a 4500
020 _a0300075979 (alk. paper)
050 0 0 _aRG 732
_b.C28
100 1 _aCaton, Donald,
_d1937-
245 1 0 _aWhat a blessing she had chloroform :
_bthe medical and social response to the pain of childbirth from 1800 to the present /
_cDonald Caton.
260 _aNew Haven :
_bYale University Press,
_cc1999.
300 _a 288 p. :
650 0 _xHistory.
650 0 _xPrevention
_xHistory.
942 _2lcc
_cGEN
999 _c5337
_d5337